La olimpiada de los animales (Registro nro. 1386)

Detalles MARC
000 -CABECERA
Longitud fija campo de control 00787nam a2200265Ia 4500
005 - • FECHA Y HORA DE LA ÚLTIMA TRANSACCIÓN
Fecha y hora de la última transacción 20220316235551.0
008 - • CÓDIGOS DE INFORMACIÓN DE LONGITUD FIJA
Códigos de información de longitud fija 121119s2002 ck gr 000 j spa
020 ## - • NÚMERO INTERNACIONAL NORMALIZADO PARA LIBROS
Número Internacional Normalizado para Libros (ISBN) 9583007927
041 0# - • CÓDIGO DE LENGUA
Código de lengua del texto/banda sonora o título independiente spa
040 ## - FUENTE DE LA CATALOGACIÓN
Centro catalogador de origen CO-BoRNBP
Lengua de catalogación spa
Normas de descripción rda
Centro transcriptor CO-BoRNBP
084 ## - • Clasificación Local Alfanúmerica PNLB
Número de clasificación C PAE1
100 1# - • PUNTO DE ACCESO PRINCIPAL-NOMBRE DE PERSONA
Nombre de persona Paez, Enrique
245 13 - • TITULO PROPIAMENTE DICHO
Título La olimpiada de los animales
Mención de responsabilidad, etc. Enrique Páez
250 ## - • MENCIÓN DE EDICIÓN
Mención de edición Primera edición
264 ## - PRODUCCIÓN, PUBLICACIÓN , DISTRIBUCIÓN, FABRICACIÓN Y COPYRIGHT
Lugar de producción, publicación, distribución, fabricación Bogotá
Nombre del productor, editor, distribuidor, fabricante Panamericana
Fecha de de producción, publicación, distribución, fabricación o copyright 2002
300 ## - • DESCRIPCIÓN FÍSICA
Extensión 48 páginas
Dimensiones 17 cm
336 ## - TIPO DE CONTENIDO
Término de tipo de contenido texto
Código de tipo de contenido txt
Fuente rdacontent
337 ## - TIPO DE MEDIO
Nombre del tipo de medio sin mediación
Código del tipo de medio n
Fuente rdamedia
338 ## - TIPO DE SOPORTE
Nombre del tipo de soporte volumen
Código del tipo de soporte nc
Fuente rdacarrier
490 0# - • MENCIÓN DE SERIE
Mención de serie Que pase el tren
650 14 - • PUNTO DE ACCESO ADICIONAL DE MATERIA - TÉRMINO DE MATERIA
Término de materia o nombre geográfico como elemento inicial Cuentos infantiles españoles
Fuente del encabezamiento o término LEMB
650 14 - • PUNTO DE ACCESO ADICIONAL DE MATERIA - TÉRMINO DE MATERIA
Término de materia o nombre geográfico como elemento inicial Literatura infantil española
Fuente del encabezamiento o término LEMB
650 14 - • PUNTO DE ACCESO ADICIONAL DE MATERIA - TÉRMINO DE MATERIA
Término de materia o nombre geográfico como elemento inicial Animales en la literatura
Fuente del encabezamiento o término LEMB
942 ## - ENTRADA DE ELEMENTOS AGREGADOS (KOHA)
Fuente de clasificaión o esquema
Koha [por defecto] tipo de item Libro Infantil
Existencias
Perdido Fuente de clasificación o esquema Estado Físico No para préstamo Localización permanente Localización actual Localización en estanterías Fecha adquisición Préstamos totales Signatura completa Código de barras Fecha última consulta Número de copia Fecha del precio de reemplazo Tipo de item de Koha Forma de adquisición
  Dewey Decimal Classification     Biblioteca Pública Cubarral Biblioteca Pública Cubarral Sala Infantil 07/25/2023   C PAE1 CUB00916 07/25/2023 Ej.1 07/25/2023 Libro Infantil Infantil
  Dewey Decimal Classification     Biblioteca Pública José Eustasio Rivera - San Martin Biblioteca Pública José Eustasio Rivera - San Martin Sala Infantil 09/22/2023   C PAE1 SM02816 09/22/2023 Ej.1 09/22/2023 Libro Infantil Infantil
  Dewey Decimal Classification     Biblioteca Pública Puerto Lleras Biblioteca Pública Puerto Lleras Literatura 10/02/2025   C PAE1 PLL02385 10/02/2025 Ej.1 10/02/2025 Literatura Infantil Infantil
  Dewey Decimal Classification     Biblioteca Pública Puerto López - Jorge Eliecer Gaitán Biblioteca Pública Puerto López - Jorge Eliecer Gaitán Sala Infantil 04/30/2025   C PAE1 PLZ00700 04/30/2025 Ej.1 04/30/2025 Libro Infantil Infantil
  Dewey Decimal Classification     Biblioteca Pública San Carlos de Guaroa - Eduardo Carranza Biblioteca Pública San Carlos de Guaroa - Eduardo Carranza Sala Infantil 05/18/2023   C PAE1 SG00394 05/18/2023 Ej.1 05/18/2023 Libro Infantil Infantil
  Dewey Decimal Classification     Biblioteca Pública Mapiripan Biblioteca Pública Mapiripan Sala Infantil 01/24/2024   C PAE1 MAP00003420 01/24/2024 Ej.1 01/24/2024 Libro Infantil Infantil
  Dewey Decimal Classification     Biblioteca Pública Puerto Rico Biblioteca Pública Puerto Rico Sala Infantil 12/06/2022   PNLB31422EJ.1 PR000000I116 12/06/2022 Ej.1 12/06/2022 Libro Infantil  
  Dewey Decimal Classification     Biblioteca Pública Puerto Rico Biblioteca Pública Puerto Rico Sala Infantil 07/06/2023   PAE1 EJ. 1 PR000001378 07/06/2023 Ej.1 07/06/2023 Libro Infantil  









Instituto Departamental de Cultura del Meta - Red Departamental de Bibliotecas Públicas del Meta.